| 000 | 00477nam a2200169 a 4500 | ||
|---|---|---|---|
| 005 | 20140412111429.0 | ||
| 008 | 090226s19uu xx 00 eng d | ||
| 020 | _a0-439-83298-5 | ||
| 050 |
_aTR(PS E _bGr75 2006 |
||
| 100 | _aMaccarone, Grace | ||
| 245 |
_aGraduation day is here! : _cGrace Maccarone. _bFirst-grade friends / |
||
| 260 |
_aU.S.A : _bScholastic, _c2006. |
||
| 300 | _aunp. | ||
| 440 | _aScholastic reader 1 | ||
| 650 | _aStories in rhyme | ||
| 999 |
_c106323 _d106323 |
||